000 01020nam a22002417a 4500
003 NALT
005 20210818145509.0
008 s2544 th tha d
040 _aNALT
041 _atha
090 _aว LB1060 น149ก 2544
100 0 _aนงลักษณ์ วิรัชชัย
245 1 0 _aการวิจัยและการพัฒนาเพื่อการปฏิรูปทั้งโรงเรียน /
_cนงลักษณ์ วิรัชชัย
260 3 _aกรุงเทพฯ :
_bสำนักงานกองทุนสนับสนุนการวิจัย,
_c2544
300 _a113 หน้า :
_b แผนภูมิ, ตาราง ;
_c 30 ซม.
650 0 4 _ae1
650 0 4 _aกระบวนการเรียนรู้
650 0 4 _aการปฏิรูปการศึกษา
650 0 4 _aการเรียนรู้
850 _aNALT
942 _cRSH
_2lcc
998 _bSANGAROON
_j109
_k อารีรัตน์ วิชาช่าง
999 _c30825
_d30825